| 000 | 00426nam a22001697a 4500 | ||
|---|---|---|---|
| 005 | 20180319122713.0 | ||
| 008 | 160525b xxu||||| |||| 00| 0 eng d | ||
| 020 | _a978-81-7758-562-9 | ||
| 041 | _aeng | ||
| 082 |
_b4845 _a336.54 |
||
| 100 |
_aPathak, Bharti V _91221 |
||
| 245 | _aThe Indian Funancial System | ||
| 260 |
_aNew Delhi _bAcademic Faundation _c2010 |
||
| 300 | _a729 | ||
| 650 |
_aManagement _9241 |
||
| 942 | _cBK | ||
| 999 |
_c1674 _d1673 |
||